000 00949nam a22003617a 4500
001 BR0204533
003 BR-BrBNA
005 20230928101145.0
007 ta
008 230509b bl.||||| |||| 00| 0 por d
040 _aBR-BrBNA
_bpor
_cBiblioteca Nacional de Agricultura
041 _a(Por)
072 _aL02
_b5300
090 _ 5300 BR0204533
100 1 _aAthanassof, N.
110 1 _aSecretaria da Agricultura, Industria e Commercio do Estado de São Paulo, São Paulo (Brasil)
245 1 _aEstudo sobre a engorda dos suinos
260 3 _aSão Paulo, SP (Brasil):
_c1927.
300 _a70 p.
500 _a8 illus.
650 _aSUÍNO
650 _aENGORDA
650 _aRAÇÃO
650 _aPESO
650 _aNUTRIÇÃO ANIMAL
650 _aMERCADO
650 _aCUSTO
650 _aCARNE
650 _aCOMPOSIÇÃO DE ALIMENTO
650 _aQUALIDADE
909 _a202309
_bLucia
_c55
_dLucia Elande
942 _cBK
999 _c64511
_d64511